| 000 | 01483nam a22004097a 4500 | ||
|---|---|---|---|
| 003 | CHAP | ||
| 005 | 20220329141157.0 | ||
| 008 | 971010s1975 r 00010 d | ||
| 010 | _a63898 | ||
| 011 | _a64870 | ||
| 035 | _a71010 | ||
| 040 | _cCHAP | ||
| 090 | _aTesis | ||
| 100 | 0 | 0 |
_aGonzález Espinosa, Mario. _948881 |
| 245 | _aDistribución espacial de la vegetación y su interpretación sucesional en el noreste del Estado de Zacatecas | ||
| 260 |
_aChapingo, Méx. : _bEl autor, _c1975 |
||
| 300 | _a263 h. ilus. | ||
| 502 | _aTesis (Ing. Agrónomo Esp. en Zootecnia) -- ENA. Departamento de Zootecnia | ||
| 590 |
_aALEPH _b10 _c20130110 _lUCH01 _h1347 |
||
| 590 |
_aBATCH-UPD _b10 _c20130109 _lUCH01 _h2320 |
||
| 590 |
_aBATCH-UPD _b10 _c20130110 _lUCH01 _h0135 |
||
| 590 |
_aBATCH-UPD _b10 _c20130110 _lUCH01 _h2001 |
||
| 590 |
_aBATCH-UPD _b10 _c20130409 _lUCH01 _h2132 |
||
| 590 |
_aBATCH-UPD _b10 _c20130410 _lUCH01 _h1321 |
||
| 590 |
_aBATCH-UPD _b10 _c20130914 _lUCH01 _h0735 |
||
| 590 |
_aCONVERSION _b10 _c20130109 _lUCH01 _h1335 |
||
| 650 | 1 | 4 |
_aBotánica _xZacatecas. _914636 |
| 650 | 1 | 4 |
_aEcología vegetal. _935188 |
| 710 | 0 |
_aENA. Departamento de Zootecnia. _936706 |
|
| 901 | _aBK | ||
| 942 | _cFOLL | ||
| 949 |
_aG54 _bZ _cTESBD _d-3601 _eTS1 _i71010 _si |
||
| 949 |
_aG54 _bZ _cTESBD _d-51218 _eTS2 _fc.2 _i71010 _si |
||
| 949 |
_bBC _cTES _d-51219 _eTS1 _i71010 _si |
||
| 949 |
_bBC _cTES _d-51220 _eTS2 _fc.2 _i71010 _si |
||
| 949 |
_bBC _cTES _d33724000907309 _eTS2 _fc.3 _i71010 _si |
||
| 999 |
_c63898 _d63898 |
||